000 00439nam a2200181Ia 4500
005 20250423101740.0
008 250422s9999 xx 000 0 und d
020 _a0-534-19758-2
050 _aB 52 .7 .S44/
100 _aZachary Seech
245 0 _aWriting Philosophy Papers
260 _aBelmont, California
260 _bWadsworth Publishing Company
260 _c1992
300 _a134 p
650 _aPhilosophy
942 _cBK
999 _c37164
_d37164